Electronic Communications (Record no. 165019)

MARC details
000 -LEADER
fixed length control field 00478nam a2200181Ia 4500
008 - FIXED-LENGTH DATA ELEMENTS--GENERAL INFORMATION
fixed length control field 230612s9999 xx 000 0 und d
041 ## - LANGUAGE CODE
Language code of text/sound track or separate title eng
082 ## - DEWEY DECIMAL CLASSIFICATION NUMBER
Classification number 621.382 ROD
100 ## - MAIN ENTRY--PERSONAL NAME
Personal name Roddy D.
245 ## - TITLE STATEMENT
Title Electronic Communications
250 ## - EDITION STATEMENT
Edition statement 3rd ed.
260 ## - PUBLICATION, DISTRIBUTION, ETC. (IMPRINT)
Date of publication, distribution, etc. 1991
Name of publisher, distributor, etc. Prentice Hall Of India
300 ## - PHYSICAL DESCRIPTION
Extent 788
Dimensions Ref 214 E (2838)
365 ## - TRADE PRICE
Currency code Rs.
Price amount 125.00
700 ## - ADDED ENTRY--PERSONAL NAME
Personal name Roddy D. & Coolen J.
906 ## - LOCAL DATA ELEMENT F, LDF (RLIN)
d B:911124-Jul-1992
c ETC
b 18.75
Holdings
Withdrawn status Lost status Damaged status Not for loan Home library Current library Date acquired Vendor Budget Code Cost, normal purchase price Bill number Total Checkouts Full call number Barcode Date last seen Discount Cost, replacement price Bill Date Koha item type Original Barcode
        Cummins College of Engineering for Women Pune Cummins College of Engineering for Women Pune 03/08/1992 Varma Book Distributors ETC 106.25 9111   621.382 ROD CCEP-BK-736 12/06/2023 18.75 125.00 24/07/1992 Books 000736